000 01149cab a22002055a 4500
001 L149688
008 100408e2010 xxk 000 0 eng d
035 _a(Sirsi) u149688
041 0 _aeng
245 0 0 _aEarl Cadogan and another v Chehab
260 _c2010
490 _aEstates Gazette
_v(2010) 27 March 2010, 98-100(3)
520 _a[2009] EWHC 3297 (Admin), 26 November 2009. Appeal by appellant landlords (E) from a decision of a rent assessment committee determing an application under Housing Act 1988 s14 for an assessment of rent payable by tenant (C). Rent assessment committee had taken into account supplemental submission from C without being copied to E leading to a breach of natural justice. The rent assessment committee had omitted to take into account the value of security of tenure and had failed to disregard the statutory limit of £25 000 for assured tenancies. Decision quashed, appeal allowed.
590 _aKA
650 2 4 _aEARL CADOGAN AND ANOTHER V CHEHAB
650 2 4 _aHOUSING ACT 1988
651 4 _aENGLAND AND WALES
690 _aPROPERTY-RESIDENTIAL PROPERTY-RESIDENTIAL LANDLORD AND TENANT
942 _n0
999 _c82255
_d82255